000 00450nam a2200169Ia 4500
001 31675
008 170203s1984 ii g b000 u 346 u
082 _a891.443
100 _aBandopadhya, Asit Kr.,
_eAuthor.
245 0 _aBahubichitra /
_cAsit Kr. Bandopadhya.
_hTextual Documents
250 _a1st ed. /
260 _aCalcutta :
_bSahityalok ,
_c1984.
300 _a255p. ;
_c22cm.
653 _aBengali
653 _aG-Bengali
942 _2ddc
_cBK
999 _c31657
_d31657